[Event "POL-chT 2nd League"]
[Site "Jastrzebia Gora"]
[Date "2018.09.09"]
[Round "9.8"]
[White "Debowiak, Arleta"]
[Black "Parol, Pola"]
[Result "0-1"]
[WhiteElo "1889"]
[BlackElo "2108"]
[PlyCount "108"]
[EventDate "2018.09.01"]
[EventType "team-swiss"]
[EventRounds "9"]
[EventCountry "POL"]
[SourceTitle "CBM 186 Extra"]
[Source "ChessBase"]
[SourceDate "2018.08.24"]
[SourceVersion "1"]
[SourceVersionDate "2018.08.24"]
[SourceQuality "1"]
[WhiteTeam "Steszew Lipno"]
[BlackTeam "Minsk Mazowiecki MTSz"]
[WhiteTeamCountry "POL"]
[BlackTeamCountry "POL"]

1. e4 c5 2. Nf3 d6 3. d4 cxd4 4. Nxd4 Nf6 5. Nc3 a6 6. Be3 e5 7. Nb3 Be6 8. f3 Be7 9. Qd2 0-0 10. 0-0-0 Nbd7 11. g4 b5 12. g5 Nh5 13. Nd5 Bxd5 14. exd5 f6 15. gxf6 Rxf6 16. Na5 Qf8 17. Bh3 Nc5 18. Bg4 Nf4 19. Nc6 Nb7 20. Kb1 Kh8 21. h4 Nd8 22. Na5 Nf7 23. Nc6 Nh6 24. Bd7 Rf7 25. Rde1 Bd8 26. Be6 Rf6 27. h5 Bc7 28. Bxf4 Rxf4 29. Reg1 Bb6 30. Rg2 Rxf3 31. Qe2 Qf4 32. a3 Rf8 33. Ne7 e4 34. a4 Rf1+ 35. Rxf1 Qxf1+ 36. Ka2 e3 37. axb5 axb5 38. Nc8 Bc5 39. Kb3 Qxe2 40. Rxe2 Rf2 41. Re1 Nf5 42. Kc3 b4+ 43. Kd3 Rd2+ 44. Ke4 Ng3+ 45. Kf3 Nxh5 46. Ne7 Rf2+ 47. Kg4 Nf6+ 48. Kg3 Ne4+ 49. Kg4 g6 50. Ra1 h5+ 51. Kh3 Kg7 52. Ra8 Nf6 53. Rb8 e2 54. Rb7 Kh6 0-1

[Event "POL-chT 2nd League"]
[Site "Jastrzebia Gora"]
[Date "2018.09.06"]
[Round "6.84"]
[White "Kopica, Paulina"]
[Black "Debowiak, Arleta"]
[Result "1/2-1/2"]
[WhiteElo "1940"]
[BlackElo "1889"]
[PlyCount "112"]
[EventDate "2018.09.01"]
[EventType "team-swiss"]
[EventRounds "9"]
[EventCountry "POL"]
[SourceTitle "CBM 186 Extra"]
[Source "ChessBase"]
[SourceDate "2018.08.24"]
[SourceVersion "1"]
[SourceVersionDate "2018.08.24"]
[SourceQuality "1"]
[WhiteTeam "Prudnik LKS Zarzewie"]
[BlackTeam "Lipno Steszew"]
[WhiteTeamCountry "POL"]
[BlackTeamCountry "POL"]

1. e4 c5 2. Nf3 d6 3. c3 Nf6 4. h3 e5 5. Bd3 Nc6 6. 0-0 Be7 7. Re1 0-0 8. Bc2 d5 9. d4 cxd4 10. cxd4 Nxd4 11. Nxd4 exd4 12. e5 Ne4 13. f3 Nc5 14. Qxd4 b6 15. b4 Ne6 16. Qd3 g6 17. a3 a5 18. b5 Bb7 19. Rd1 Rc8 20. Qe2 Bh4 21. Be3 Qc7 22. Bb3 Qxe5 23. Ra2 Nc5 24. Bxc5 Qxe2 25. Rxe2 Rxc5 26. a4 Bg3 27. Re7 Ba8 28. Rd7 Rfc8 29. Kf1 Kg7 30. Ke2 Re8+ 31. Kf1 h5 32. Ra7 h4 33. Rd7 Re3 34. Ba2 Rc2 35. Bxd5 Bxd5 36. R7xd5 Rf2+ 37. Kg1 Ree2 38. R5d2 Rxg2+ 39. Kh1 Rh2+ 40. Kg1 Rhg2+ 41. Kh1 Rxd2 42. Nxd2 Re2 43. Nc4 Bf2 44. Rd6 Re6 45. Rd5 f5 46. Kg2 Be3 47. Nxe3 Rxe3 48. Rd4 g5 49. Rd6 Ra3 50. Rxb6 Rxa4 51. Ra6 Ra2+ 52. Kg1 a4 53. b6 Rb2 54. Rxa4 Rxb6 55. Ra5 Kf6 56. Kg2 Rb2+ 1/2-1/2

[Event "POL-chT 2nd League"]
[Site "Jastrzebia Gora"]
[Date "2015.09.06"]
[Round "2.78"]
[White "Sliwicka, Alicja"]
[Black "Debowiak, Arleta"]
[Result "1-0"]
[WhiteElo "2003"]
[BlackElo "1854"]
[PlyCount "103"]
[EventDate "2015.09.05"]
[EventType "team-swiss"]
[EventRounds "9"]
[EventCountry "POL"]
[SourceTitle "EXT 2017"]
[Source "ChessBase"]
[SourceDate "2016.10.25"]
[SourceVersion "1"]
[SourceVersionDate "2016.10.25"]
[SourceQuality "1"]
[WhiteTeam "Zielonka Zieloni"]
[BlackTeam "Steszew Lipno"]
[WhiteTeamCountry "POL"]
[BlackTeamCountry "POL"]

1. e4 c5 2. Nf3 d6 3. d4 cxd4 4. Nxd4 Nf6 5. Nc3 a6 6. Be2 e5 7. Nb3 Be7 8. Bg5 Be6 9. Bxf6 Bxf6 10. Nd5 Nd7 11. a4 0-0 12. 0-0 Rc8 13. c3 Bg5 14. a5 Bxd5 15. Qxd5 Nf6 16. Qd3 d5 17. exd5 e4 18. Qg3 Qxd5 19. Nd4 Nd7 20. f4 Be7 21. Rfd1 Nf6 22. b4 Ne8 23. Bg4 Rc4 24. Nf5 Qe6 25. Ne3 f5 26. Nxc4 Qxc4 27. Rd4 Qc7 28. Bd1 Nd6 29. Bb3+ Kh8 30. Rd5 Nb5 31. c4 Bf6 32. Rc1 Nd4 33. Qe3 Qxf4 34. Qxf4 Ne2+ 35. Kf1 Nxf4 36. Rd7 Rb8 37. Bc2 Ne6 38. g4 g6 39. gxf5 gxf5 40. Rf7 Bg5 41. Rd1 Rf8 42. Rxf8+ Nxf8 43. Rd5 Kg7 44. Rxf5 Bd2 45. Bxe4 Bxb4 46. Bxb7 Ne6 47. Bxa6 Nd4 48. Rd5 Ne6 49. Rb5 Ba3 50. Bc8 Nd4 51. Rb7+ Kg6 52. a6 1-0